=LDR 00000nam 2200000 4500 =001 $a INLIS000000000008402 =005 $a 20260604142741 =008 $a 260604################g##########0#ind## =022 ##$$a 978-797-448-832-4 =035 ##$$a 0010-0626000029 =082 ##$$a 618.2 =084 ##$$a 618.2 BIL k =100 #$$a Billington, Mary =245 ##$$a Kegawatan dalam kehamilan persalinan $b buku saku bidan $c Billington, Mary =247 ##$$a =260 ##$$a Jakarta $b EGC $c 2007 =300 ##$$a xiv, 367hlm $b ilus $c 21cm $e =310 ##$$a =321 ##$$a =520 #$$a buku ini mengkaji semua aspek asuhan untuk wanita hamil dan melahirkan yang menjadi sakit akibat kondisi sebelumnya atau memiliki penyakit yang berkembang akibat komplikasi kehamilan =650 #$$a kebidanan =700 #$$a Stevenson, Mandy =856 ##$$a =Wor $a 1